00802nam a22002295a 450000500170000000800410001704000380005808200190009610000280011524500530014326000420019630000290023854100260026765000360029365000300032965000380035965100100039765300310040794200080043899900170044695201090046320180207115326.0180207t1994 txua fr 000 0 eng d aEG-ScBUEbengcEG-ScBUEdEG-ScBUE04222a330.9bTOP1 aTopsøe, Haldor,d1913-10aHorizons :bglobal challenges /cHaldor Topsøe. aHouston :bAlpha Pub. Group,cc.1994. a228 p. :bill. ;c24 cm. aDonation from Bassem. 72BUEsh936878aEconomic history. 72BUEshaPopulation policy. 72BUEshaEnergy development.913100 2BUEsh bGGENbBUSECOcFebruary2018 2ddc c26122d26094 00102ddc4070aMAINbMAINc1STd2018-02-07eDonationl0o330.9 TOPp000047263r2025-07-15 00:00:00yBB